01257nas a2200265Ia 4500001001100000003000900011008004100020040001300061040001300074041001300087100003800100210001600138222001600154245009900170250001100269260003900280501008600319300001000405362003300415500026000448650003600708942000700744999001900751952022100770R017/G7217IT-RoPAU151124c99999999xx |||||||||||| ||und|| aIT-RoPAU cIT-RoPAU aITALIANO aAA.VV. gCodice Aut. SPICS: 12000 aFILMCRITICA aFilmcritica aFILMCRITICA SCUOLA, ANNO 04-N.14 (MAGGIO 2001)bFilmcritica Scuola, Anno 04-N.14 (Maggio 2001) a1a ed. aMONTEPULCIANO (SI)bLE BALZEc2001 bPaulus - SPICS - Società San Paolo EM (non-commercial uses only)cCopyright2015 a16 p. aANNO 004, N.14 (MAGGIO 2001) aSupplemento Alla Rivista Filmcritica, N.515 (Maggio 2001). La Tigre di Carta: Editoriale di F. Moneta. Note Sul Film Freaks di Tod Browning (1932) a Cura di A. Cappabianca. Cinema Arte della Luce di I. Gatti. Leggere il Cinema: Sigfried Kracauer di L. Esp aCINEMAvPUBBLICAZIONE PERIODICA cCR c116744d116744 0010406R_017_000000000000000_G721771aSPICSbSPICSd2015-11-25l0oR017/G7217r2015-11-25 00:00:00w2015-11-25yCRzProgr. Ins: 24663 / Copia rara: NO / date import: 25.11.2015 / By Epidotti, Trombetti, Vaglietti